| 000 | 00544nam a22001937a 4500 | ||
|---|---|---|---|
| 003 | KOHA_MİRAKIL | ||
| 005 | 20251116151803.0 | ||
| 008 | 251116b tu ||||| |||| 00| 0 tur d | ||
| 020 | _a9789754732481 | ||
| 040 |
_aTR-AnABB _btur _cTR-AnABB |
||
| 041 | _atur | ||
| 082 |
_a814.42 _bZAR 2015 |
||
| 100 | 1 | _aZarifoğlu, Cahit, | |
| 245 | 1 | 0 |
_aBir değirmendir bu dünya / _cCahit Zarifoğlu |
| 260 |
_aİstanbul : _bBeyan Yayınları, _c2015 |
||
| 300 |
_a312 sayfa ; _c20 cm |
||
| 650 | 0 | 4 | _aTürk edebiyatı, roman |
| 942 |
_2ddc _cBK |
||
| 999 |
_c9437 _d9437 |
||
| 900 | _bGizem YORULMAZ | ||